Un cuaderno y algo más
Gespeichert in:
| Hauptverfasser: | , , , , |
|---|---|
| Format: | Buch |
| Sprache: | Spanisch Englisch |
| Veröffentlicht: |
San Juan
Plaza Mayor
2003
|
| Ausgabe: | 1a. ed |
| Schlagworte: | |
| Tags: |
Tag hinzufügen
Keine Tags, Fügen Sie den ersten Tag hinzu!
|
MARC
| LEADER | 00000nam a2200000 a 4500 | ||
|---|---|---|---|
| 001 | UCJ2002 | ||
| 003 | CL-VaPUC | ||
| 008 | 061124e20030000PR |||||||||||||||||spa|d | ||
| 020 | |a 1563280000 | ||
| 041 | 0 | 7 | |a spa |2 CL-VaPUC |
| 041 | 0 | 7 | |a eng |2 CL-VaPUC |
| 082 | 0 | 4 | |a 808.0461 |b GRA |2 21 |
| 100 | 0 | |a García Arroyo, Matilde |e author |9 502860 | |
| 700 | |a García del Toro, Antonio |e author |9 589920 | ||
| 700 | 0 | |a Kortright Roig, Dinah |e author |9 502862 | |
| 700 | 0 | |a Quintana, Hilda E |e author |9 502863 | |
| 700 | 0 | |a Villamil, Olga Irene S |e author |9 502864 | |
| 245 | 1 | 3 | |a Un cuaderno y algo más |
| 246 | 1 | 2 | |a A notebook and something more |
| 250 | |a 1a. ed | ||
| 300 | |a 158 p | ||
| 942 | |c BK | ||
| 945 | |d 20061124 00:00:00 |a cmena | ||
| 260 | |a San Juan |b Plaza Mayor |c 2003 | ||
| 650 | 0 | |a Redacción de textos |9 446760 | |
| 650 | 0 | |a Métodos de enseñanza |9 270413 | |
| 650 | 0 | |a Retórica |9 266620 | |
| 650 | 0 | |a Argumentación |9 257103 | |
| 650 | 7 | |a USO DEL LENGUAJE |2 CL-VaPUC |9 502865 | |
| 583 | |a last modification |c 20061124 00:00:00 |k Rodrigo Vera | ||
| 999 | |c 318421 |d 318419 | ||
| 952 | |0 0 |1 0 |4 0 |6 808_046100000000000_GRA_2003 |7 0 |8 A |9 396199 |a FDOPOS |b FDOPOS |d 2019-11-22 |i 4301315 |o 808.0461 GRA 2003 |p 4301315 |r 2025-01-22 |w 2019-11-22 |y BK |k MLA | ||